[Event "Oberliga Ost B 2023 2024"]
[Site "?"]
[Date "2023.12.02"]
[Round "2.3"]
[Board "6"]
[White "Baranyai Molnar, Adam"]
[Black "Biegel, Thomas"]
[Result "1/2-1/2"]
[WhiteElo "1965"]
[BlackElo "1937"]
[PlyCount "111"]
[EventDate "2023.10.22"]
[EventType "team-tourn"]
[EventCountry "GER"]
[WhiteTeam "Neuberg SF"]
[BlackTeam "Eppstein SVG"]
[WhiteTeamCountry "GER"]
[BlackTeamCountry "GER"]

1. e4 e6 2. d4 d5 3. Nc3 Bb4 4. e5 b6 5. a3 Bxc3+ 6. bxc3 Ba6 7. Qg4 Kf8 8. h4 h5 9. Qf3 Bxf1 10. Kxf1 Ne7 11. Bg5 Qd7 12. Nh3 Qb5+ 13. Kg1 Qb2 14. Kh2 Qxc2 15. Nf4 Ke8 16. Nxh5 Qg6 17. g4 Nbc6 18. Kg2 Na5 19. Nf4 Qc2 20. h5 Kd7 21. Rac1 Qa4 22. h6 gxh6 23. Bxe7 Kxe7 24. Ne2 Rag8 25. Qf6+ Ke8 26. Ng3 Qxa3 27. g5 Qe7 28. Rxh6 Qxf6 29. exf6 Rxh6 30. gxh6 Rh8 31. Rh1 Rh7 32. Kf3 Nc4 33. Ke2 Nd6 34. Kd3 Kd7 35. Ke3 Ne8 36. Kf4 Nxf6 37. Kg5 Ke7 38. Re1 Ng8 39. Rh1 a5 40. Ne2 a4 41. Nc1 Nf6 42. f3 Rh8 43. Nd3 a3 44. Nb4 Nh7+ 45. Kh5 Rg8 46. Nc6+ Ke8 47. Ra1 Rg2 48. Rxa3 Rh2+ 49. Kg4 Rxh6 50. Ra8+ Kd7 51. Ne5+ Ke7 52. Nc6+ Kd6 53. Ne5 Ke7 54. Nc6+ Kd6 55. Ne5 Ke7 56. Nc6+ 1/2-1/2

[Event "Oberliga Ost B 2023 2024"]
[Site "?"]
[Date "2023.12.02"]
[Round "2.4"]
[Board "1"]
[White "Gloeckler, Christian"]
[Black "Konopka, Michal"]
[Result "1/2-1/2"]
[WhiteElo "2344"]
[BlackElo "2351"]
[PlyCount "32"]
[EventDate "2023.10.22"]
[EventType "team-tourn"]
[EventCountry "GER"]
[WhiteTeam "Wiesbadener SV"]
[BlackTeam "Schoeneck SF"]
[WhiteTeamCountry "GER"]
[BlackTeamCountry "GER"]

1. e4 e5 2. Nf3 Nf6 3. Nxe5 d6 4. Nf3 Nxe4 5. Nc3 Nxc3 6. dxc3 Nc6 7. Be3 Be6 8. Qd2 Be7 9. Bd3 Qd7 10. O-O-O O-O-O 11. Bb5 a6 12. Ba4 Bf6 13. Bg5 Bxg5 14. Qxg5 b5 15. Bb3 f6 16. Qf4 Rhe8 1/2-1/2

[Event "Oberliga Ost B 2023 2024"]
[Site "?"]
[Date "2023.12.02"]
[Round "2.4"]
[Board "2"]
[White "Nazarenus, Moritz"]
[Black "Khenkin, Igor"]
[Result "1-0"]
[WhiteElo "2242"]
[BlackElo "2510"]
[PlyCount "59"]
[EventDate "2023.10.22"]
[EventType "team-tourn"]
[EventCountry "GER"]
[WhiteTeam "Schoeneck SF"]
[BlackTeam "Wiesbadener SV"]
[WhiteTeamCountry "GER"]
[BlackTeamCountry "GER"]

1. d4 Nf6 2. c4 e6 3. Nf3 d5 4. Nc3 dxc4 5. e3 a6 6. a4 b6 7. Bxc4 Bb7 8. O-O Bb4 9. Qe2 Nbd7 10. Bd3 Qe7 11. e4 e5 12. Bg5 O-O 13. Rac1 Rfe8 14. Bb1 exd4 15. Nxd4 Qe5 16. Nf3 Qa5 17. Qc4 b5 18. axb5 axb5 19. Qd4 c5 20. Qd1 Bxc3 21. Rxc3 b4 22. Re3 c4 23. e5 Nxe5 24. Nxe5 Rxe5 25. Bxf6 gxf6 26. Rg3+ Kh8 27. Qd4 Qd8 28. Qh4 h5 29. Qf4 Rg5 30. Rxg5 1-0

[Event "Oberliga Ost B 2023 2024"]
[Site "?"]
[Date "2023.12.02"]
[Round "2.4"]
[Board "3"]
[White "Geske, Julian"]
[Black "Heinatz, Thomas"]
[Result "1/2-1/2"]
[WhiteElo "2393"]
[BlackElo "2256"]
[PlyCount "55"]
[EventDate "2023.10.22"]
[EventType "team-tourn"]
[EventCountry "GER"]
[WhiteTeam "Wiesbadener SV"]
[BlackTeam "Schoeneck SF"]
[WhiteTeamCountry "GER"]
[BlackTeamCountry "GER"]

1. d4 Nf6 2. c4 g6 3. Nc3 Bg7 4. e4 d6 5. f3 O-O 6. Be3 e5 7. Nge2 c6 8. Qd2 Nbd7 9. d5 cxd5 10. cxd5 a6 11. h4 b5 12. h5 b4 13. Na4 Nxh5 14. Bh6 f5 15. exf5 e4 16. fxg6 hxg6 17. Bxg7 Nxg7 18. Qxb4 exf3 19. gxf3 Ne5 20. O-O-O Bf5 21. Nd4 Rc8+ 22. Nc6 Nxc6 23. dxc6 Rxc6+ 24. Nc3 Qc7 25. Bd3 Rc8 26. Rd2 Rb6 27. Qd4 Qc5 28. Bxf5 1/2-1/2

[Event "Oberliga Ost B 2023 2024"]
[Site "?"]
[Date "2023.12.02"]
[Round "2.4"]
[Board "4"]
[White "Kirchner, Markus"]
[Black "Dubkov, Andrej"]
[Result "0-1"]
[WhiteElo "2143"]
[BlackElo "2362"]
[PlyCount "82"]
[EventDate "2023.10.22"]
[EventType "team-tourn"]
[EventCountry "GER"]
[WhiteTeam "Schoeneck SF"]
[BlackTeam "Wiesbadener SV"]
[WhiteTeamCountry "GER"]
[BlackTeamCountry "GER"]

1. e4 c6 2. Nc3 d5 3. Nf3 dxe4 4. Nxe4 Nf6 5. Qe2 Nxe4 6. Qxe4 Be6 7. b3 Nd7 8. Bb2 Bd5 9. Qf4 e5 10. Nxe5 Bd6 11. c4 O-O 12. cxd5 Bxe5 13. Bxe5 Nxe5 14. Be2 Qxd5 15. O-O Rad8 16. Rfd1 Qd4 17. Qg3 Rfe8 18. Rac1 Re6 19. Qe3 Ng6 20. Qxd4 Rxd4 21. Bf1 Red6 22. Rc2 Kf8 23. f3 Nf4 24. Kf2 Nd5 25. Rc4 Rxc4 26. bxc4 Nc3 27. Rc1 Nxa2 28. Rb1 Rxd2+ 29. Ke3 Rd7 30. Ra1 Nb4 31. Rxa7 Nc2+ 32. Ke2 Ke7 33. g3 Nd4+ 34. Ke3 Nc2+ 35. Ke2 Kd6 36. Kd2 Nd4 37. Ke3 Kc5 38. Ra5+ Kb4 39. Re5 Kc3 40. c5 f6 41. Re4 Rd5 0-1

[Event "Oberliga Ost B 2023 2024"]
[Site "?"]
[Date "2023.12.02"]
[Round "2.4"]
[Board "5"]
[White "Anwesh, Upadhyaya"]
[Black "Meyer, Kai Christian"]
[Result "1-0"]
[WhiteElo "2350"]
[BlackElo "2183"]
[PlyCount "71"]
[EventDate "2023.10.22"]
[EventType "team-tourn"]
[EventCountry "GER"]
[WhiteTeam "Wiesbadener SV"]
[BlackTeam "Schoeneck SF"]
[WhiteTeamCountry "GER"]
[BlackTeamCountry "GER"]

1. e4 c6 2. d4 d5 3. Nd2 dxe4 4. Nxe4 Bf5 5. Ng3 Bg6 6. h4 h6 7. Nf3 Nd7 8. h5 Bh7 9. Bd3 Bxd3 10. Qxd3 Ngf6 11. Bd2 e6 12. O-O-O Bd6 13. Ne4 Nxe4 14. Qxe4 Nf6 15. Qe2 Qc7 16. Kb1 Bf4 17. Bxf4 Qxf4 18. Ne5 Qe4 19. Qd2 Nd5 20. g3 Rd8 21. Rde1 Qf5 22. f4 O-O 23. Nd3 Nf6 24. Re5 Qh7 25. Nf2 Rd5 26. g4 Rfd8 27. Rxd5 Rxd5 28. Qe3 g6 29. b3 gxh5 30. g5 Ng4 31. Nxg4 hxg4 32. Rxh6 Qg7 33. c3 b5 34. b4 a5 35. Qg3 e5 36. Qxg4 1-0

[Event "Oberliga Ost B 2023 2024"]
[Site "?"]
[Date "2023.12.02"]
[Round "2.4"]
[Board "6"]
[White "Weiss, Matthias"]
[Black "Ochs, Daniel Elias"]
[Result "0-1"]
[WhiteElo "2004"]
[BlackElo "2272"]
[PlyCount "62"]
[EventDate "2023.10.22"]
[EventType "team-tourn"]
[EventCountry "GER"]
[WhiteTeam "Schoeneck SF"]
[BlackTeam "Wiesbadener SV"]
[WhiteTeamCountry "GER"]
[BlackTeamCountry "GER"]

1. e4 c5 2. Nf3 e6 3. c3 d5 4. exd5 exd5 5. d4 Nf6 6. Be2 Be7 7. O-O O-O 8. dxc5 Bxc5 9. Nbd2 Nc6 10. Nb3 Bb6 11. Bg5 Be6 12. Nfd4 h6 13. Bh4 Ne5 14. Nxe6 fxe6 15. Nd4 Qd6 16. Bg3 Ne4 17. Bxe5 Qxe5 18. Nf3 Qd6 19. Bd3 Bc7 20. g3 Nf6 21. Nd4 Bb6 22. f4 e5 23. fxe5 Qxe5 24. Kg2 Rae8 25. Nf3 Qe6 26. Re1 Qd7 27. Ne5 Rxe5 28. Rxe5 Ng4 29. Re2 Nf2 30. Qc2 Qh3+ 31. Kg1 Nxd3+ 0-1

[Event "Oberliga Ost B 2023 2024"]
[Site "?"]
[Date "2023.12.02"]
[Round "2.4"]
[Board "8"]
[White "Meyer Cording, Claus"]
[Black "Nehmert, Ulrich"]
[Result "0-1"]
[WhiteElo "2038"]
[BlackElo "2246"]
[PlyCount "80"]
[EventDate "2023.10.22"]
[EventType "team-tourn"]
[EventCountry "GER"]
[WhiteTeam "Schoeneck SF"]
[BlackTeam "Wiesbadener SV"]
[WhiteTeamCountry "GER"]
[BlackTeamCountry "GER"]

1. d4 d5 2. Bf4 Nf6 3. Nf3 e6 4. e3 c5 5. c3 Nc6 6. Be2 Nh5 7. O-O Qb6 8. b3 Nxf4 9. exf4 cxd4 10. Nxd4 Be7 11. Nxc6 bxc6 12. Nd2 Bf6 13. Rc1 O-O 14. Nf3 c5 15. Ne5 Qc7 16. c4 Bb7 17. Bf3 Rfd8 18. Qc2 Rac8 19. Rfe1 Bxe5 20. fxe5 d4 21. Bxb7 Qxb7 22. Rcd1 Rf8 23. Qe4 Qxe4 24. Rxe4 a5 25. Kf1 Rb8 26. Re2 Rb4 27. Rb1 Rfb8 28. Reb2 f6 29. exf6 gxf6 30. Ke2 e5 31. g4 Kf7 32. Kd3 Rg8 33. f3 h5 34. h3 Rgb8 35. Ke4 Ke6 36. f4 hxg4 37. hxg4 Rh8 38. Rf2 Rh3 39. Rf3 Rxf3 40. Kxf3 Rb8 0-1

[Event "Oberliga Ost B 2023 2024"]
[Site "?"]
[Date "2023.12.02"]
[Round "2.5"]
[Board "1"]
[White "Engers, Felix"]
[Black "Dolzhykova, Kateryna"]
[Result "1-0"]
[WhiteElo "2187"]
[BlackElo "2283"]
[PlyCount "83"]
[EventDate "2023.10.22"]
[EventType "team-tourn"]
[EventCountry "GER"]
[WhiteTeam "Erfurter SK II"]
[BlackTeam "Oberursel SV"]
[WhiteTeamCountry "GER"]
[BlackTeamCountry "GER"]

1. c4 b6 2. Nf3 Bb7 3. Nc3 e6 4. a3 Nf6 5. d4 d6 6. d5 g6 7. e4 Nbd7 8. Bd3 Bg7 9. O-O O-O 10. h3 Nc5 11. Bc2 Re8 12. Be3 Ba6 13. Ba4 Bxc4 14. Bxe8 Nxe8 15. dxe6 fxe6 16. Re1 Nd3 17. Bg5 Qd7 18. Re3 h6 19. Bh4 Nf4 20. Bg3 e5 21. Rc1 Nf6 22. b3 Be6 23. Bxf4 exf4 24. Rd3 Qf7 25. Nb5 Ne8 26. Nfd4 Bc8 27. Nc6 a6 28. Nc3 Kh7 29. Nd5 Bb7 30. Qd2 g5 31. Qc2 Nf6 32. Nxf6+ Qxf6 33. e5 Qg6 34. Ne7 Qf7 35. Rxd6+ Kh8 36. Rd7 Qe6 37. Rxc7 Rb8 38. Ng6+ Kg8 39. Ne7+ Kh8 40. Ng6+ Kg8 41. Rd1 Bxg2 42. Rdd7 1-0

[Event "Oberliga Ost B 2023 2024"]
[Site "?"]
[Date "2023.12.02"]
[Round "2.5"]
[Board "2"]
[White "Heinz, Axel"]
[Black "Kosev, Momchil"]
[Result "1-0"]
[WhiteElo "2432"]
[BlackElo "1887"]
[PlyCount "179"]
[EventDate "2023.10.22"]
[EventType "team-tourn"]
[EventCountry "GER"]
[WhiteTeam "Oberursel SV"]
[BlackTeam "Erfurter SK II"]
[WhiteTeamCountry "GER"]
[BlackTeamCountry "GER"]

1. e4 c5 2. Nf3 d6 3. d4 cxd4 4. Nxd4 Nf6 5. Nc3 g6 6. Be3 Bg7 7. f3 O-O 8. Qd2 Nc6 9. O-O-O d5 10. exd5 Nxd5 11. Nxc6 bxc6 12. Bd4 e5 13. Bc5 Re8 14. Ne4 Qc7 15. Bc4 Be6 16. h4 Red8 17. Ng5 Bh6 18. Kb1 Bxg5 19. hxg5 Nb6 20. Bxb6 Qxb6 21. Qe2 Bxc4 22. Qxc4 Rd4 23. Rxd4 exd4 24. Re1 Rf8 25. f4 c5 26. a3 Qc6 27. Re2 a5 28. a4 Qd6 29. Re5 Rc8 30. b3 Qc7 31. Kb2 Qd6 32. g3 Qc7 33. Kc1 Kg7 34. Kb2 Qd6 35. Qd5 Qc7 36. Re2 Kg8 37. Qc4 Rd8 38. Re5 Rc8 39. Qe2 Qc6 40. Qe4 Qd7 41. Re7 Qd6 42. Qb7 Rf8 43. Qd7 Qb6 44. Qb7 Qd6 45. Rd7 Qe6 46. Qd5 Qg4 47. Rd8 Rxd8 48. Qxd8+ Kg7 49. Qf6+ Kg8 50. Qd8+ Kg7 51. Qxa5 Qxg3 52. Qxc5 Qxf4 53. a5 h5 54. gxh6+ Kxh6 55. b4 d3 56. cxd3 Qd2+ 57. Kb3 Qxd3+ 58. Qc3 Qd1+ 59. Qc2 Qd5+ 60. Qc4 Qd1+ 61. Qc2 Qd5+ 62. Ka4 Qd7+ 63. b5 Qd4+ 64. Kb3 Qd5+ 65. Qc4 Qd1+ 66. Kb4 Qd6+ 67. Qc5 Qd2+ 68. Qc3 Qd6+ 69. Ka4 Qd1+ 70. Ka3 Qd6+ 71. Kb2 Qd5 72. b6 Qb5+ 73. Ka3 f5 74. Qb4 Qd3+ 75. Kb2 Qe2+ 76. Kc1 g5 77. b7 Qe3+ 78. Kb2 Qe2+ 79. Ka3 Qd3+ 80. Ka4 Qd7+ 81. Qb5 Qd1+ 82. Kb4 Qd4+ 83. Kb3 Qe3+ 84. Kc4 Qe4+ 85. Kc5 Qe3+ 86. Kc6 Qe6+ 87. Kc7 Qe7+ 88. Kb6 Qd8+ 89. Ka7 Qe7 90. Ka6 1-0

[Event "Oberliga Ost B 2023 2024"]
[Site "?"]
[Date "2023.12.02"]
[Round "2.5"]
[Board "3"]
[White "Seinsoth, Paul"]
[Black "Margolin, Boris"]
[Result "0-1"]
[WhiteElo "1795"]
[BlackElo "2384"]
[PlyCount "84"]
[EventDate "2023.10.22"]
[EventType "team-tourn"]
[EventCountry "GER"]
[WhiteTeam "Erfurter SK II"]
[BlackTeam "Oberursel SV"]
[WhiteTeamCountry "GER"]
[BlackTeamCountry "GER"]

1. e4 c5 2. Nf3 b6 3. d4 cxd4 4. Nxd4 Bb7 5. Bd3 g6 6. O-O Bg7 7. c3 d6 8. Qe2 Nd7 9. f4 a6 10. Nd2 Qc7 11. N2f3 e5 12. Nb3 Ngf6 13. fxe5 dxe5 14. Bg5 h6 15. Bxf6 Nxf6 16. Kh1 Nh5 17. g3 O-O 18. Kg1 Nf6 19. Nh4 Rad8 20. Bc2 a5 21. a4 Qc8 22. Rfd1 Ba6 23. Qf3 Qc6 24. Re1 Bc8 25. Qf1 Be6 26. Qb5 Qc7 27. Nf3 Nd7 28. Qe2 Rfe8 29. Rad1 h5 30. Qg2 Bh6 31. h3 Kg7 32. Kh2 f6 33. Nc1 Nc5 34. Nd3 Nxd3 35. Rxd3 Rxd3 36. Bxd3 Rd8 37. Bc2 Qc5 38. Qe2 Bc4 39. Qg2 Rd6 40. b3 Bd3 41. c4 Bxc2 42. Qxc2 Rd2+ 0-1

[Event "Oberliga Ost B 2023 2024"]
[Site "?"]
[Date "2023.12.02"]
[Round "2.5"]
[Board "4"]
[White "Weber, Samuel"]
[Black "Krueger, Rainer"]
[Result "1-0"]
[WhiteElo "2222"]
[BlackElo "2137"]
[PlyCount "73"]
[EventDate "2023.10.22"]
[EventType "team-tourn"]
[EventCountry "GER"]
[WhiteTeam "Oberursel SV"]
[BlackTeam "Erfurter SK II"]
[WhiteTeamCountry "GER"]
[BlackTeamCountry "GER"]

{[%evp 0,73,28,-14,-14,-57,2,4,4,-17,38,-22,-12,-8,62,8,4,22,42,27,44,28,60,56,78,110,105,29,42,12,30,-61,-56,-56,-40,-38,-32,-25,-56,-54,-54,-54,-60,-60,-65,-65,-52,-64,-62,-74,-33,-48,-40,-82,-74,-87,-86,-71,-76,-103,-118,-126,-119,-117,-115,-109,-119,-154,-111,-106,-97,-98,-34,-47,-64,-102]} 1. c4 Nf6 2. g3 c6 3. Bg2 d5 4. Nf3 g6 5. b3 Bg7 6. Bb2 Qb6 7. Qc1 O-O 8. O-O dxc4 9. bxc4 c5 10. Nc3 Be6 11. Rb1 Qc7 12. Ng5 Bxc4 13. Ba3 Nc6 14. Bxc5 b6 15. Nb5 Bxb5 16. Rxb5 Rac8 17. Ba3 Nd4 18. Qxc7 Nxe2+ 19. Kh1 Rxc7 20. Re5 Nd4 21. Rxe7 Rxe7 22. Bxe7 Re8 23. Bb4 h6 24. Nf3 Nd5 25. Ba3 Nb5 26. Bc1 Nb4 27. a4 Nd4 28. Nxd4 Bxd4 29. Ba3 Nd3 30. Bf3 Nxf2+ 31. Kg2 Nd3 32. Kh3 Kg7 33. Bd5 f5 34. Bc4 Ne5 35. Ba6 Re6 36. Bb5 Kf6 37. Rf4 $138 1-0

[Event "Oberliga Ost B 2023 2024"]
[Site "?"]
[Date "2023.12.02"]
[Round "2.5"]
[Board "5"]
[White "Ruether, Rudolf"]
[Black "Dubiel, Jacek"]
[Result "0-1"]
[WhiteElo "2074"]
[BlackElo "2378"]
[PlyCount "98"]
[EventDate "2023.10.22"]
[EventType "team-tourn"]
[EventCountry "GER"]
[WhiteTeam "Erfurter SK II"]
[BlackTeam "Oberursel SV"]
[WhiteTeamCountry "GER"]
[BlackTeamCountry "GER"]

1. d4 Nf6 2. c4 e6 3. Nc3 Bb4 4. e3 b6 5. Nf3 Bb7 6. Bd3 Ne4 7. Bd2 Bxc3 8. Bxc3 Nxc3 9. bxc3 c5 10. O-O d6 11. Qe2 O-O 12. Rfe1 Qe7 13. e4 cxd4 14. cxd4 e5 15. d5 Nd7 16. Qb2 Nc5 17. Bf1 f5 18. Nd2 Qh4 19. f3 Bc8 20. exf5 Bxf5 21. Re3 Rf6 22. g3 Qg5 23. Rae1 Raf8 24. Qc3 h5 25. Bg2 h4 26. Ne4 Bxe4 27. fxe4 Rf2 28. R3e2 Rxe2 29. Rxe2 Qg4 30. Qe1 hxg3 31. hxg3 Nd3 32. Qd2 Qxg3 33. Re3 Rf2 34. Rxg3 Rxd2 35. Bf1 Nc5 36. Bg2 Rxa2 37. Rg6 Nb7 38. Bh3 Kf7 39. Rg3 Nd8 40. Rf3+ Ke7 41. Rg3 Kf6 42. Rf3+ Kg5 43. Bc8 a5 44. Rf8 a4 45. Rxd8 a3 46. Bh3 Rb2 47. Ra8 a2 48. Bf1 Kf4 49. Ra4 g5 0-1

[Event "Oberliga Ost B 2023 2024"]
[Site "?"]
[Date "2023.12.02"]
[Round "2.5"]
[Board "6"]
[White "Schlamp, Robert"]
[Black "Sunderbrink, Heino"]
[Result "1/2-1/2"]
[WhiteElo "2267"]
[BlackElo "1952"]
[PlyCount "31"]
[EventDate "2023.10.22"]
[EventType "team-tourn"]
[EventCountry "GER"]
[WhiteTeam "Oberursel SV"]
[BlackTeam "Erfurter SK II"]
[WhiteTeamCountry "GER"]
[BlackTeamCountry "GER"]

1. d4 c5 2. e3 Nf6 3. Nf3 Qc7 4. Be2 d5 5. O-O g6 6. b3 Bg7 7. Bb2 O-O 8. Nbd2 cxd4 9. Nxd4 a6 10. c4 Nc6 11. Rc1 Bd7 12. cxd5 Nxd5 13. Ne4 Rfd8 14. Bf3 Rac8 15. Nxc6 Bxc6 16. Qe2 1/2-1/2

[Event "Oberliga Ost B 2023 2024"]
[Site "?"]
[Date "2023.12.02"]
[Round "2.5"]
[Board "7"]
[White "Apel, Linus"]
[Black "Yavorovsky, Valeriy"]
[Result "0-1"]
[WhiteElo "1503"]
[BlackElo "2342"]
[PlyCount "134"]
[EventDate "2023.10.22"]
[EventType "team-tourn"]
[EventCountry "GER"]
[WhiteTeam "Erfurter SK II"]
[BlackTeam "Oberursel SV"]
[WhiteTeamCountry "GER"]
[BlackTeamCountry "GER"]

1. e4 e6 2. d3 d5 3. Nd2 Nf6 4. g3 c5 5. Bg2 Nc6 6. Ngf3 Be7 7. O-O O-O 8. Re1 b5 9. e5 Nd7 10. Nf1 a5 11. h4 b4 12. a3 bxa3 13. bxa3 Ba6 14. Bf4 a4 15. N1h2 Rb8 16. Ng5 h6 17. Nh3 Nd4 18. Ra2 Rb6 19. Ng4 Nf5 20. Ne3 Nxe3 21. Rxe3 d4 22. Re1 Bb7 23. Qg4 Kh8 24. Qh5 Bxg2 25. Kxg2 Kh7 26. Ng5+ Kg8 27. Nf3 Qe8 28. Nd2 f5 29. Qf3 Qa8 30. Nc4 Rb5 31. Rb2 Qxf3+ 32. Kxf3 Rfb8 33. Reb1 Rxb2 34. Rxb2 Rxb2 35. Nxb2 g5 36. hxg5 hxg5 37. Bc1 Nxe5+ 38. Ke2 g4 39. Nxa4 Nc6 40. Nb6 e5 41. Nc4 Kf7 42. Bd2 Ke6 43. Be1 Bd8 44. Bd2 Bc7 45. Bg5 Kd5 46. Bh6 Na5 47. Nd2 c4 48. Bf8 e4 49. Bb4 cxd3+ 50. cxd3 Nc6 51. Nc4 Ne5 52. Nb2 Bd6 53. Bxd6 Kxd6 54. Kd2 Kc6 55. Ke2 Nd7 56. Nc4 Kd5 57. Kd2 Nc5 58. Nb2 Kc6 59. Ke2 Kb5 60. Kd2 Na4 61. Nc4 Kc5 62. Kc2 Kd5 63. Kd2 exd3 64. Na5 Nc5 65. Ke1 Ne4 66. Nb3 Kc4 67. Nd2+ Kc3 0-1

[Event "Oberliga Ost B 2023 2024"]
[Site "?"]
[Date "2023.12.02"]
[Round "2.5"]
[Board "8"]
[White "Akhmatovski, Maxim"]
[Black "Belin, Anton"]
[Result "1/2-1/2"]
[WhiteElo "2100"]
[BlackElo "1746"]
[PlyCount "68"]
[EventDate "2023.10.22"]
[EventType "team-tourn"]
[EventCountry "GER"]
[WhiteTeam "Oberursel SV"]
[BlackTeam "Erfurter SK II"]
[WhiteTeamCountry "GER"]
[BlackTeamCountry "GER"]

1. d4 d5 2. Nc3 Nf6 3. Bf4 c6 4. e3 Nbd7 5. g4 g6 6. h4 Qb6 7. Rb1 Bg7 8. h5 Rg8 9. Be2 Nf8 10. g5 Nxh5 11. Bxh5 gxh5 12. Qd3 Ng6 13. Bg3 Qa6 14. Rxh5 Qxd3 15. cxd3 Bf5 16. Kd2 Nf8 17. Nge2 Ne6 18. Bf4 O-O-O 19. b4 Bh8 20. Rg1 a6 21. Rhh1 Bg6 22. Na4 b5 23. Nac3 Kb7 24. a4 Rdf8 25. axb5 axb5 26. Ra1 f6 27. gxf6 Bxf6 28. Bh6 Ra8 29. Ng3 Nc7 30. Bf4 Ne6 31. Bh6 Nc7 32. Bf4 Ne6 33. Be5 Bxe5 34. dxe5 d4 1/2-1/2

[Event "Oberliga Ost B 2023 2024"]
[Site "?"]
[Date "2023.12.02"]
[Round "2.6"]
[Board "1"]
[White "Humburg, Philipp"]
[Black "Lesny, Florian"]
[Result "1/2-1/2"]
[WhiteElo "2242"]
[BlackElo "2202"]
[PlyCount "239"]
[EventDate "2023.10.22"]
[EventType "team-tourn"]
[EventCountry "GER"]
[WhiteTeam "Marburg SK"]
[BlackTeam "Homburg Bad SK"]
[WhiteTeamCountry "GER"]
[BlackTeamCountry "GER"]

1. d4 d5 2. c4 e6 3. Nf3 Nf6 4. Nc3 a6 5. c5 b6 6. cxb6 c5 7. Bf4 Bd6 8. Bxd6 Qxd6 9. Qb3 Bb7 10. Qa3 Nbd7 11. Na4 Ne4 12. e3 Rc8 13. Bd3 cxd4 14. Qxd6 Nxd6 15. exd4 Nc4 16. b4 Ncxb6 17. Nc5 Nxc5 18. bxc5 Nc4 19. O-O O-O 20. Bxc4 dxc4 21. Ne5 Bd5 22. Rfc1 Rfd8 23. Nxc4 Bxc4 24. Rxc4 Kf8 25. Rb1 Rd5 26. f4 f6 27. c6 Rb5 28. Re1 Ke7 29. a4 Rd5 30. Rb1 Kd6 31. Rb6 a5 32. Kf2 g5 33. fxg5 Rxg5 34. c7+ Kd7 35. Rb7 Rh5 36. h3 Rf5+ 37. Ke3 Rg5 38. Rc2 Rg3+ 39. Kf2 Rd3 40. Rc4 Rd2+ 41. Kf3 Rd3+ 42. Ke2 Rg3 43. Kf2 Rg5 44. Rc2 Rd5 45. Ke3 Rg5 46. Ke4 Rd5 47. h4 Rf5 48. Ra7 Rh5 49. g3 Rf5 50. Ra6 Rf1 51. Rxa5 Rxc7 52. Rxc7+ Kxc7 53. Ra7+ Kd6 54. Ra6+ Ke7 55. Ra7+ Kf8 56. Rxh7 Ra1 57. Ra7 Re1+ 58. Kf3 Rd1 59. Kg4 Rxd4+ 60. Kh5 f5 61. Kg6 Rg4+ 62. Kf6 Kg8 63. Kxe6 f4 64. gxf4 Rxf4 65. h5 Rh4 66. Kf6 Rc4 67. h6 Kh8 68. a5 Rc5 69. a6 Rc6+ 70. Ke7 Rxh6 71. Ra8+ Kg7 72. Kd7 Rf6 73. Kc7 Rf7+ 74. Kb6 Rf6+ 75. Kc5 Rf5+ 76. Kb4 Rf4+ 77. Kb3 Rf3+ 78. Kb2 Rf2+ 79. Kc3 Rf3+ 80. Kd4 Rf6 81. Ke5 Rb6 82. Ra7+ Kg6 83. Kd5 Rf6 84. Kd4 Re6 85. Kc5 Rf6 86. Ra8 Kg7 87. Ra7+ Kg6 88. Kc4 Rf4+ 89. Kd5 Rf5+ 90. Ke4 Rf6 91. Ke3 Re6+ 92. Kf2 Rf6+ 93. Kg3 Rb6 94. Kg4 Rb4+ 95. Kf3 Rb6 96. Kf4 Rb4+ 97. Ke5 Rb6 98. Ra8 Kg7 99. Kf5 Rf6+ 100. Ke5 Rb6 101. Kd5 Rf6 102. Kc5 Rf5+ 103. Kd6 Rf6+ 104. Ke7 Rf7+ 105. Ke6 Rf6+ 106. Kd7 Rf7+ 107. Kc6 Rf6+ 108. Kb7 Rf7+ 109. Kb6 Rf6+ 110. Ka7 Rf7+ 111. Kb6 Rf6+ 112. Ka5 Rf5+ 113. Ka4 Rf4+ 114. Ka3 Rf3+ 115. Ka2 Rf2+ 116. Ka1 Rf1+ 117. Kb2 Rf2+ 118. Kc1 Rf1+ 119. Kd2 Rf2+ 120. Ke3 1/2-1/2

[Event "Oberliga Ost B 2023 2024"]
[Site "?"]
[Date "2023.12.02"]
[Round "2.6"]
[Board "2"]
[White "Lenz, Jonas"]
[Black "Zienert, Richard"]
[Result "1-0"]
[WhiteElo "2138"]
[BlackElo "2272"]
[PlyCount "87"]
[EventDate "2023.10.22"]
[EventType "team-tourn"]
[EventCountry "GER"]
[WhiteTeam "Homburg Bad SK"]
[BlackTeam "Marburg SK"]
[WhiteTeamCountry "GER"]
[BlackTeamCountry "GER"]

1. d4 Nf6 2. c4 e6 3. g3 d5 4. Nf3 Be7 5. Bg2 O-O 6. O-O Nbd7 7. Qc2 c6 8. Nbd2 b5 9. b3 bxc4 10. bxc4 Ba6 11. Re1 c5 12. Qa4 Qc8 13. Ba3 dxc4 14. Ne5 c3 15. Nc6 Bd6 16. Nc4 Bxc4 17. Qxc4 Nb6 18. Qb5 Nfd5 19. Bxd5 Nxd5 20. dxc5 a6 21. Qa4 Ne7 22. cxd6 Qxc6 23. Qxc6 Nxc6 24. Red1 Ne5 25. Rac1 Rfe8 26. f4 c2 27. Rd2 Nd7 28. Rdxc2 Red8 29. e4 f6 30. Kf2 Kf7 31. Rc5 e5 32. f5 a5 33. Rb1 Rdc8 34. Rc7 Ke8 35. Rbb7 Rd8 36. Ke2 Ra6 37. Kd3 h5 38. Kc4 a4 39. Kb5 Raa8 40. Bb4 a3 41. Kc4 Ra6 42. Kb3 Raa8 43. Bxa3 Rab8 44. Rxd7 1-0

[Event "Oberliga Ost B 2023 2024"]
[Site "?"]
[Date "2023.12.02"]
[Round "2.6"]
[Board "3"]
[White "Dorst, Johannes"]
[Black "Wolf, Ulrich Martin"]
[Result "1/2-1/2"]
[WhiteElo "2239"]
[BlackElo "2185"]
[PlyCount "67"]
[EventDate "2023.10.22"]
[EventType "team-tourn"]
[EventCountry "GER"]
[WhiteTeam "Marburg SK"]
[BlackTeam "Homburg Bad SK"]
[WhiteTeamCountry "GER"]
[BlackTeamCountry "GER"]

1. e4 c5 2. Nf3 Nc6 3. Bb5 g6 4. Bxc6 dxc6 5. h3 Bg7 6. d3 Nf6 7. Nc3 O-O 8. Be3 b6 9. Qd2 e5 10. Bh6 Qd6 11. O-O-O a5 12. Qg5 Re8 13. Ne2 Qf8 14. Bxg7 Qxg7 15. g4 h6 16. Qe3 Bxg4 17. hxg4 Nxg4 18. Qd2 Nxf2 19. Rxh6 Nxd1 20. Kxd1 Qf6 21. Qe3 Kg7 22. Nh4 Rh8 23. Nf5+ Kg8 24. Neg3 Rxh6 25. Qxh6 Re8 26. Ne2 Re6 27. Ne3 b5 28. Kd2 Qd8 29. b3 a4 30. Kd1 a3 31. Kd2 Qa5+ 32. Kd1 Qd8 33. Kd2 Qa5+ 34. Kd1 1/2-1/2

[Event "Oberliga Ost B 2023 2024"]
[Site "?"]
[Date "2023.12.02"]
[Round "2.6"]
[Board "4"]
[White "Kaliski, Erwin"]
[Black "Baum, Bernd"]
[Result "1-0"]
[WhiteElo "2192"]
[BlackElo "2207"]
[PlyCount "57"]
[EventDate "2023.10.22"]
[EventType "team-tourn"]
[EventCountry "GER"]
[WhiteTeam "Homburg Bad SK"]
[BlackTeam "Marburg SK"]
[WhiteTeamCountry "GER"]
[BlackTeamCountry "GER"]

1. e4 c5 2. c3 d5 3. exd5 Qxd5 4. d4 g6 5. Nf3 Bg7 6. Be3 cxd4 7. Bxd4 Nf6 8. c4 Qd8 9. Nc3 Nc6 10. Bxf6 exf6 11. Qxd8+ Nxd8 12. O-O-O O-O 13. Nd4 Ne6 14. Nd5 f5 15. Nb5 b6 16. Be2 Ng5 17. f3 Bb7 18. Ne7+ Kh8 19. Rd7 Bc8 20. Rxa7 Rxa7 21. Nxa7 Ba6 22. Rd1 Re8 23. Rd7 Ne6 24. Nac6 Nc5 25. Ra7 Bb7 26. b4 Bxc6 27. bxc5 Bh6+ 28. Kd1 Rd8+ 29. Ke1 1-0

[Event "Oberliga Ost B 2023 2024"]
[Site "?"]
[Date "2023.12.02"]
[Round "2.6"]
[Board "5"]
[White "Alber, Horst"]
[Black "Schmidt, Walter"]
[Result "1/2-1/2"]
[WhiteElo "2232"]
[BlackElo "2205"]
[PlyCount "72"]
[EventDate "2023.10.22"]
[EventType "team-tourn"]
[EventCountry "GER"]
[WhiteTeam "Marburg SK"]
[BlackTeam "Homburg Bad SK"]
[WhiteTeamCountry "GER"]
[BlackTeamCountry "GER"]

1. Nf3 Nf6 2. g3 d5 3. Bg2 c5 4. d4 Nc6 5. O-O e6 6. c4 Be7 7. cxd5 exd5 8. dxc5 Bxc5 9. Bg5 Be7 10. Nc3 O-O 11. Qa4 Be6 12. Rfd1 Qb6 13. Qb5 Qxb5 14. Nxb5 Rad8 15. Rac1 h6 16. Be3 a6 17. Nc7 Rc8 18. Nxe6 fxe6 19. Bh3 Kf7 20. Rxc6 bxc6 21. Ne5+ Ke8 22. Bxe6 Rc7 23. Ng6 Rf7 24. Rc1 Bd6 25. Bxf7+ Kxf7 26. Bf4 Ke6 27. f3 c5 28. Rc3 d4 29. Rc4 Nd5 30. e4 Nb6 31. Rc1 c4 32. Kf1 Na4 33. b3 Nc3 34. bxc4 Rxc4 35. Bxd6 Kxd6 36. Nf4 Ra4 1/2-1/2